Công nghệ 6 : Kinh tế gia đình

Công nghệ 6: Kinh tế gia đình dạy học sinh Lớp 6 biết làm những công việc gia đình như may vá, trang trí nhà ở, nấu ăn và thu chi trong gia đình. Sách giúp giáo viên định hương phương pháp dạy học chung và với mỗi chương sẽ có phương pháp dạy ho...

Descripción completa

Guardado en:
Detalles Bibliográficos
Autor principal: Nguyễn, Minh Đường
Formato: Libro
Lenguaje:Undetermined
Publicado: Hà Nội Giáo dục 2009
Materias:
Etiquetas: Agregar Etiqueta
Sin Etiquetas, Sea el primero en etiquetar este registro!
Thư viện lưu trữ: Trung tâm Học liệu Trường Đại học Cần Thơ
LEADER 01165nam a2200229Ia 4500
001 CTU_159089
008 210402s9999 xx 000 0 und d
020 |c 7200 
082 |a 640.712 
082 |b Đ561/L.6 
100 |a Nguyễn, Minh Đường 
245 0 |a Công nghệ 6 : 
245 0 |b Kinh tế gia đình 
245 0 |c Nguyễn Minh Đường (Tổng chủ biên), Nguyễn Thị Hạnh (Chủ biên) 
260 |a Hà Nội 
260 |b Giáo dục 
260 |c 2009 
520 |a Công nghệ 6: Kinh tế gia đình dạy học sinh Lớp 6 biết làm những công việc gia đình như may vá, trang trí nhà ở, nấu ăn và thu chi trong gia đình. Sách giúp giáo viên định hương phương pháp dạy học chung và với mỗi chương sẽ có phương pháp dạy học riêng giúp cho học sinh có thể nắm vững bài học trong sách giáo khoa. 
650 |a Family economics,Technology 
650 |x Study and teaching (Elementary) 
904 |i Bạch Trúc 
980 |a Trung tâm Học liệu Trường Đại học Cần Thơ